000 00679nam a2200217 i 4500
001 101894
003 ES-MaACL
005 20250816062535.0
007 t|
008 051026s1975 sp ||||1| spa d
100 1 _aMendel, Gérard.
_980095
245 1 3 _aLa crisis de generaciones /
_cGérard Mendel; [traducción de Carme Vilaginés].
250 _a[2ª ed.].
260 _aBarcelona :
_bPenínsula,
_c1975.
300 _a285 p. ;
_c20 cm.
490 1 _aHistoria, ciencia, sociedad ;
_v86
700 1 _aVilaginés, Carme.
_9114761
830 0 0 _aHistoria, ciencia, sociedad (Península)
_v86
_9177444
852 _aES-MaACL
_jE-8004
_bR.92589
999 _c101894
_d101894